| 000 | 00536nam a2200169 i 4500 | ||
|---|---|---|---|
| 001 | 57466 | ||
| 003 | ES-MaACL | ||
| 005 | 20230906163601.0 | ||
| 007 | t| | ||
| 008 | 031016s1948 ag ||||1| spa d | ||
| 100 | 1 |
_aDorgelès, Roland. _9138969 |
|
| 245 | 1 | 0 |
_aCamino de los trópicos / _cRoland Dorgeles ; traducción de Eduardo Warschaver. |
| 260 |
_aBuenos Aires : _bEditorial Sudamericana, _c[1948] ( _fJ. Hays Bell) |
||
| 300 |
_a289 p. ; _c21 cm. |
||
| 700 | 1 |
_aWarschaver, Eduardo. _9116132 |
|
| 852 |
_aES-MaACL _jD-5610 _bR.28857 |
||
| 999 |
_c57466 _d57466 |
||